000 00782nam a22002057a 4500
003 BD-DhUL
005 20161031190059.0
008 161027s1924 ii a|||| |||| 000 0 ben d
020 _a8186946500
040 _aBD-DhUL
_cBD-DhUL
082 _a891.449
_bKAK
100 1 _aকবিকঙ্কন চন্ডী
245 1 0 _aকবিকঙ্কণ - চণ্ডী :
_bচন্ডীমঙ্গল বোধিনী /
260 _aকলকাতা :
_bসাহিত্যলোক,
_c১৯২৪.
300 _a৬০৩, [৬২], পৃ. :
_c২১ সে.মি.
650 0 _2বাংলা সাহিত্য
650 0 _2Bangla Literature
700 1 _aবন্দ্যোপাধ্যায়, চারুচন্দ্র
942 _2ddc
_cBK
999 _c118338
_d118338